<?xml version="1.0" encoding="UTF-8"?>
<record
    xmlns:xsi="http://www.w3.org/2001/XMLSchema-instance"
    xsi:schemaLocation="http://www.loc.gov/MARC21/slim http://www.loc.gov/standards/marcxml/schema/MARC21slim.xsd"
    xmlns="http://www.loc.gov/MARC21/slim">

  <leader>01584nam a2200349   4500</leader>
  <controlfield tag="001">171</controlfield>
  <controlfield tag="003">OSt</controlfield>
  <controlfield tag="005">20250528074013.0</controlfield>
  <controlfield tag="008">250130b        |||||||g |||| 00| 1 eng d</controlfield>
  <datafield tag="020" ind1=" " ind2=" ">
    <subfield code="a">9788501061140</subfield>
  </datafield>
  <datafield tag="040" ind1=" " ind2=" ">
    <subfield code="b">por</subfield>
  </datafield>
  <datafield tag="041" ind1=" " ind2=" ">
    <subfield code="h">eng</subfield>
    <subfield code="a">por</subfield>
  </datafield>
  <datafield tag="082" ind1=" " ind2=" ">
    <subfield code="a">823</subfield>
    <subfield code="b">C821r</subfield>
  </datafield>
  <datafield tag="100" ind1="1" ind2=" ">
    <subfield code="a">Cornwell, Bernard,</subfield>
    <subfield code="d">1944-</subfield>
    <subfield code="9">324</subfield>
  </datafield>
  <datafield tag="240" ind1=" " ind2=" ">
    <subfield code="a">The Winter King</subfield>
  </datafield>
  <datafield tag="245" ind1=" " ind2=" ">
    <subfield code="a">O rei do Inverno /</subfield>
    <subfield code="c">Cornwell, Bernard ; Tradu&#xE7;&#xE3;o de Alves Calado</subfield>
  </datafield>
  <datafield tag="250" ind1=" " ind2=" ">
    <subfield code="a">25&#xB0; edi&#xE7;&#xE3;o</subfield>
  </datafield>
  <datafield tag="260" ind1=" " ind2=" ">
    <subfield code="a">Rio de Janeiro</subfield>
    <subfield code="b">Record</subfield>
    <subfield code="c">2014</subfield>
  </datafield>
  <datafield tag="300" ind1=" " ind2=" ">
    <subfield code="a">546 p.</subfield>
  </datafield>
  <datafield tag="490" ind1="1" ind2=" ">
    <subfield code="a">As cr&#xF4;nicas de Artur</subfield>
    <subfield code="v">vol. 01</subfield>
  </datafield>
  <datafield tag="520" ind1=" " ind2=" ">
    <subfield code="a">O Rei do Inverno conta a mais fiel hist&#xF3;ria de Artur, sem os exageros m&#xED;ticos de outras publica&#xE7;&#xF5;es. A partir de fatos, este romance genial retrata o maior de todos os her&#xF3;is como um poderoso guerreiro brit&#xE2;nico, que luta contra os sax&#xF5;es para manter unida a Brit&#xE2;nia, no s&#xE9;culo V, ap&#xF3;s a sa&#xED;da dos romanos. "O livro traz religi&#xE3;o, pol&#xED;tica, trai&#xE7;&#xE3;o, tudo o que mais me interessa," explica Cornwell, que usa a voz ficcional do soldado raso Derfel para ilustrar a vida de Artur. O valoroso soldado cresce dentro do ex&#xE9;rcito do rei e dentro da narrativa de Corwell at&#xE9; se tornar o melhor amigo e conselheiro de Artur na paz e na guerra.
</subfield>
  </datafield>
  <datafield tag="650" ind1=" " ind2="0">
    <subfield code="a">Literatura Inglesa</subfield>
    <subfield code="9">89</subfield>
  </datafield>
  <datafield tag="650" ind1=" " ind2="0">
    <subfield code="a">Mitologia </subfield>
    <subfield code="9">128</subfield>
  </datafield>
  <datafield tag="650" ind1=" " ind2="0">
    <subfield code="a">Fantasia</subfield>
    <subfield code="9">45</subfield>
  </datafield>
  <datafield tag="650" ind1=" " ind2="0">
    <subfield code="a">Aventura</subfield>
    <subfield code="9">47</subfield>
  </datafield>
  <datafield tag="650" ind1=" " ind2="0">
    <subfield code="a">Hist&#xF3;ria</subfield>
    <subfield code="9">116</subfield>
  </datafield>
  <datafield tag="655" ind1=" " ind2="0">
    <subfield code="a">Romance</subfield>
    <subfield code="9">23</subfield>
  </datafield>
  <datafield tag="655" ind1=" " ind2="0">
    <subfield code="a">Fic&#xE7;&#xE3;o </subfield>
    <subfield code="9">22</subfield>
  </datafield>
  <datafield tag="700" ind1=" " ind2=" ">
    <subfield code="a">Alves Calado</subfield>
    <subfield code="e">Tradutor</subfield>
    <subfield code="9">325</subfield>
  </datafield>
  <datafield tag="830" ind1=" " ind2=" ">
    <subfield code="a">As cr&#xF4;nicas de Artur</subfield>
    <subfield code="v">vol. 01</subfield>
    <subfield code="9">326</subfield>
  </datafield>
  <datafield tag="942" ind1=" " ind2=" ">
    <subfield code="2">ddc</subfield>
    <subfield code="n">0</subfield>
    <subfield code="c">BK</subfield>
  </datafield>
  <datafield tag="952" ind1=" " ind2=" ">
    <subfield code="0">0</subfield>
    <subfield code="1">0</subfield>
    <subfield code="2">ddc</subfield>
    <subfield code="3">vol. 01</subfield>
    <subfield code="4">0</subfield>
    <subfield code="7">0</subfield>
    <subfield code="8">FIC</subfield>
    <subfield code="a">BIBIB</subfield>
    <subfield code="b">BIBIB</subfield>
    <subfield code="c">LE</subfield>
    <subfield code="d">2021-01-06</subfield>
    <subfield code="e">doa&#xE7;&#xE3;o</subfield>
    <subfield code="l">0</subfield>
    <subfield code="o">823 / C821r</subfield>
    <subfield code="p">2025-16541</subfield>
    <subfield code="r">2025-01-30 08:38:02</subfield>
    <subfield code="t">Ex. 01</subfield>
    <subfield code="w">2025-01-30</subfield>
    <subfield code="y">BK</subfield>
  </datafield>
  <datafield tag="952" ind1=" " ind2=" ">
    <subfield code="0">0</subfield>
    <subfield code="1">0</subfield>
    <subfield code="2">ddc</subfield>
    <subfield code="3">vol. 01</subfield>
    <subfield code="4">0</subfield>
    <subfield code="7">0</subfield>
    <subfield code="8">FIC</subfield>
    <subfield code="a">BIBIB</subfield>
    <subfield code="b">BIBIB</subfield>
    <subfield code="c">LE</subfield>
    <subfield code="d">2021-01-13</subfield>
    <subfield code="e">doa&#xE7;&#xE3;o</subfield>
    <subfield code="l">0</subfield>
    <subfield code="o">823 / C821r</subfield>
    <subfield code="p">2025-16533</subfield>
    <subfield code="r">2025-01-30 08:38:02</subfield>
    <subfield code="t">Ex. 02</subfield>
    <subfield code="w">2025-01-30</subfield>
    <subfield code="y">BK</subfield>
  </datafield>
  <datafield tag="999" ind1=" " ind2=" ">
    <subfield code="c">171</subfield>
    <subfield code="d">171</subfield>
  </datafield>
</record>
